| 000 | 00407 a2200145 4500 | ||
|---|---|---|---|
| 005 | 20250628173430.0 | ||
| 020 | _a978-0-19-912984-3 | ||
| 100 | _aCARDWELL, M. | ||
| 245 | _aPsychology A2: The Complete Companion Student Book | ||
| 250 | _a3rd Ed. | ||
| 260 |
_aDar es Salaam _bOxford University Press _c2012 |
||
| 300 |
_a343p.: ill; Figure, Table _bIndex _c28cm |
||
| 700 | _aFLANAGAN, C | ||
| 942 |
_2ddc _cBKS |
||
| 999 |
_c6142 _d6142 |
||